Teória hier a strategické rozhodovanie bakalárska práca

Salvato in:
Dettagli Bibliografici
Autore principale: Surová, Romana
Ente Autore: Národohospodárska fakulta EU. Katedra financií
Altri autori: Petkov, Martin
Natura: Libro
Lingua:slovacco
Pubblicazione: Bratislava 2013
Tags: Aggiungi Tag
Nessun Tag, puoi essere il primo ad aggiungerne!!

MARC

LEADER 00000nbm a2200000 4500
001 0172606
005 20161109112105.2
041 0 |a slo 
044 |a SK 
245 1 0 |a Teória hier a strategické rozhodovanie  |b bakalárska práca  |c Romana Surová ; školiteľ: Martin Petkov 
264 1 |a Bratislava  |c 2013 
300 |a 55 s. 
100 1 |a Surová, Romana 
700 1 |a Petkov, Martin 
710 2 |a Národohospodárska fakulta EU. Katedra financií